[Event "Hofheim Spring op-A 2nd"]
[Site "Hofheim"]
[Date "2014.04.25"]
[Round "7"]
[White "Lobzhanidze, Davit"]
[Black "Bachmann, Axel"]
[Result "0-1"]
[WhiteElo "2451"]
[BlackElo "2598"]
[PlyCount "130"]
[EventDate "2014.04.22"]
[EventType "swiss"]
[EventRounds "9"]
[EventCountry "GER"]
[SourceTitle "CBM 160 Extra"]
[Source "ChessBase"]
[SourceDate "2014.07.01"]
[SourceVersion "1"]
[SourceVersionDate "2014.07.01"]
[SourceQuality "1"]

1. e4 e5 2. Nf3 Nc6 3. Bc4 Bc5 4. c3 Nf6 5. d3 a6 6. 0-0 Ba7 7. Bb3 0-0 8. Be3 Bxe3 9. fxe3 d5 10. Nbd2 dxe4 11. Nxe4 Nxe4 12. dxe4 Qe7 13. Qe1 Na5 14. Qg3 Nxb3 15. axb3 f6 16. b4 Rd8 17. Rad1 Be6 18. Nh4 Rxd1 19. Rxd1 Rd8 20. Qe1 Rd7 21. Nf3 Kf7 22. Rd2 Rd6 23. Qd1 Rxd2 24. Qxd2 Qe8 25. Qc2 Qb5 26. Kf2 Ke7 27. Nd2 g6 28. Nf3 h5 29. Nd2 g5 30. h3 Kd7 31. Nf3 Kc8 32. Nd2 b6 33. Nf3 g4 34. hxg4 hxg4 35. Nh4 Kb7 36. Nf5 Qc4 37. Ng3 Qa2 38. Nh5 Bd7 39. Ng3 Ba4 40. Qc1 Bb5 41. Qc2 a5 42. bxa5 bxa5 43. Kg1 a4 44. Qc1 Bc6 45. c4 Qb3 46. c5 Qd3 47. Qe1 Qc4 48. Qf2 Qxc5 49. Nh5 Kb6 50. Kh2 Kb5 51. Nxf6 Kb4 52. Nxg4 Bxe4 53. Qf7 Bd5 54. Qe8 Qc2 55. Qf8+ Ka5 56. Nf2 Bc6 57. e4 Kb6 58. Qb4+ Ka6 59. Kg3 Qc1 60. Kf3 Qf4+ 61. Ke2 Bb5+ 62. Nd3 Qg3 63. Qc3 Qxg2+ 64. Kd1 Qf3+ 65. Kd2 Qxd3+ 0-1

[Event "Hofheim Spring op-A 2nd"]
[Site "Hofheim"]
[Date "2014.04.23"]
[Round "3"]
[White "Lobzhanidze, Davit"]
[Black "Malek, Daniel"]
[Result "1/2-1/2"]
[WhiteElo "2451"]
[BlackElo "2376"]
[PlyCount "59"]
[EventDate "2014.04.22"]
[EventType "swiss"]
[EventRounds "9"]
[EventCountry "GER"]
[SourceTitle "CBM 160 Extra"]
[Source "ChessBase"]
[SourceDate "2014.07.01"]
[SourceVersion "1"]
[SourceVersionDate "2014.07.01"]
[SourceQuality "1"]

1. e4 e5 2. Nf3 Nf6 3. Nxe5 d6 4. Nf3 Nxe4 5. Nc3 Nf6 6. d4 Be7 7. h3 0-0 8. Bd3 Re8 9. 0-0 Nbd7 10. Ne2 Nf8 11. Ng3 d5 12. c3 Bd6 13. Bg5 h6 14. Bxf6 Qxf6 15. Nh5 Qd8 16. Qd2 Be6 17. Rae1 c6 18. Re2 Qc7 19. Ne5 f6 20. Ng4 Bxg4 21. hxg4 Qf7 22. Rfe1 Rxe2 23. Rxe2 Re8 24. Rxe8 Qxe8 25. g3 Qd7 26. Bf5 Qe7 27. Nf4 Kf7 28. Kg2 Qc7 29. Ne2 Qe7 30. Nf4 1/2-1/2

[Event "BL2-Sued 1314"]
[Site "Germany"]
[Date "2014.03.16"]
[Round "8.2"]
[White "Lobzhanidze, Davit"]
[Black "Poetsch, Hagen"]
[Result "1/2-1/2"]
[WhiteElo "2451"]
[BlackElo "2479"]
[PlyCount "65"]
[EventDate "2013.10.13"]
[EventType "team-tourn"]
[EventRounds "9"]
[EventCountry "GER"]
[SourceTitle "EXT 2015"]
[Source "ChessBase"]
[SourceDate "2014.11.20"]
[SourceVersion "1"]
[SourceVersionDate "2014.11.20"]
[SourceQuality "1"]
[WhiteTeam "Hofheim"]
[BlackTeam "Schoeneck"]
[WhiteTeamCountry "GER"]
[BlackTeamCountry "GER"]

1. e4 c5 2. Nf3 d6 3. d4 cxd4 4. Nxd4 Nf6 5. Nc3 a6 6. Be3 e5 7. Nf3 Be7 8. Bc4 0-0 9. 0-0 Nc6 10. Qe2 Na5 11. Bb3 b5 12. Bg5 Be6 13. Bxf6 Bxf6 14. Rfd1 Nxb3 15. axb3 Qb6 16. Nd5 Bxd5 17. Rxd5 Be7 18. Nd2 Qc6 19. Qd3 g6 20. Nf1 f5 21. exf5 gxf5 22. Ng3 Rf6 23. c4 bxc4 24. bxc4 Raf8 25. c5 dxc5 26. Rxe5 c4 27. Qe2 Bd6 28. Rxf5 Bxg3 29. Rxf6 Bxh2+ 30. Kxh2 Rxf6 31. Ra3 Rg6 32. Rf3 Re6 33. Re3 1/2-1/2

[Event "BL2-Sued 1314"]
[Site "Germany"]
[Date "2014.02.09"]
[Round "6.2"]
[White "Lobzhanidze, Davit"]
[Black "Krassowizkij, Jaroslaw"]
[Result "1/2-1/2"]
[WhiteElo "2451"]
[BlackElo "2393"]
[PlyCount "135"]
[EventDate "2013.10.13"]
[EventType "team-tourn"]
[EventRounds "9"]
[EventCountry "GER"]
[SourceTitle "EXT 2015"]
[Source "ChessBase"]
[SourceDate "2014.11.20"]
[SourceVersion "1"]
[SourceVersionDate "2014.11.20"]
[SourceQuality "1"]
[WhiteTeam "Hofheim"]
[BlackTeam "Buchen"]
[WhiteTeamCountry "GER"]
[BlackTeamCountry "GER"]

1. e4 e6 2. d3 c5 3. g3 d5 4. Qe2 Nc6 5. Nf3 Nf6 6. Bg2 Be7 7. 0-0 b5 8. Re1 0-0 9. e5 Nd7 10. h4 Qc7 11. Bf4 a5 12. a4 bxa4 13. Nc3 Nb6 14. Nxa4 Nxa4 15. Rxa4 Bd7 16. Raa1 Nd4 17. Nxd4 cxd4 18. Bxd5 exd5 19. e6 Bd6 20. Bxd6 Qxd6 21. exd7 Qxd7 22. Qe5 Qc6 23. Qxd4 Qxc2 24. Re5 Rab8 25. Rxd5 Qxb2 26. Qxb2 Rxb2 27. Raxa5 g6 28. Ra7 Rb6 29. Rad7 Kg7 30. Rd8 Rxd8 31. Rxd8 h5 32. Kg2 Kf6 33. Kf3 Rb3 34. Ke3 Kf5 35. Rd4 f6 36. Rf4+ Ke5 37. Re4+ Kf5 38. Rf4+ Ke5 39. Ra4 Kf5 40. f3 Rb1 41. Ra5+ Ke6 42. Ra6+ Ke7 43. Ra7+ Ke6 44. Ra6+ Ke7 45. Ke4 Rg1 46. Kf4 Rd1 47. Ra3 Ke6 48. Ke3 Rg1 49. Kf2 Rd1 50. Ke3 Rg1 51. Kf4 Rd1 52. Rb3 Rd2 53. g4 hxg4 54. fxg4 Rh2 55. Rb6+ Ke7 56. Kg3 Rd2 57. Rb3 Ke6 58. h5 gxh5 59. gxh5 Kf5 60. Rb5+ Ke6 61. Rb6+ Ke5 62. h6 Rxd3+ 63. Kg4 f5+ 64. Kh5 Rh3+ 65. Kg6 f4 66. Rb5+ Ke4 67. h7 f3 68. Rh5 1/2-1/2

[Event "Groningen op-A 51st"]
[Site "Groningen"]
[Date "2013.12.30"]
[Round "9"]
[White "Lobzhanidze, Davit"]
[Black "Danielian, Elina"]
[Result "1/2-1/2"]
[WhiteElo "2445"]
[BlackElo "2462"]
[PlyCount "29"]
[EventDate "2013.12.21"]
[EventType "swiss"]
[EventRounds "9"]
[EventCountry "NED"]
[SourceTitle "CBM 158 Extra"]
[Source "ChessBase"]
[SourceDate "2014.02.28"]
[SourceVersion "1"]
[SourceVersionDate "2014.02.28"]
[SourceQuality "1"]

1. e4 c6 2. d4 d5 3. Nc3 dxe4 4. Nxe4 Bf5 5. Ng3 Bg6 6. h4 h6 7. Nf3 Nd7 8. h5 Bh7 9. Bd3 Bxd3 10. Qxd3 e6 11. Bd2 Ngf6 12. 0-0-0 Qc7 13. Ne4 0-0-0 14. g3 Nc5 15. Nxc5 1/2-1/2

[Event "Groningen op-A 51st"]
[Site "Groningen"]
[Date "2013.12.28"]
[Round "7"]
[White "Lobzhanidze, Davit"]
[Black "Afek, Yochanan"]
[Result "1/2-1/2"]
[WhiteElo "2445"]
[BlackElo "2302"]
[PlyCount "175"]
[EventDate "2013.12.21"]
[EventType "swiss"]
[EventRounds "9"]
[EventCountry "NED"]
[SourceTitle "CBM 158 Extra"]
[Source "ChessBase"]
[SourceDate "2014.02.28"]
[SourceVersion "1"]
[SourceVersionDate "2014.02.28"]
[SourceQuality "1"]

1. e4 c5 2. d3 Nc6 3. g3 d5 4. Nd2 Nf6 5. Bg2 b6 6. Ngf3 dxe4 7. dxe4 Ba6 8. c4 e6 9. 0-0 Be7 10. Qa4 Bb7 11. e5 Nd7 12. Ne4 0-0 13. Rd1 Qc7 14. Nd6 Rad8 15. Nxb7 Qxb7 16. Bf4 Qc7 17. Re1 h6 18. h4 Nd4 19. Rad1 Nxf3+ 20. Bxf3 g5 21. hxg5 hxg5 22. Bc1 Nxe5 23. Qb3 Rd4 24. Be2 Rfd8 25. Be3 R4d7 26. Rxd7 Rxd7 27. Rd1 Rxd1+ 28. Qxd1 Qc6 29. f3 g4 30. f4 Qe4 31. Bc1 Nf3+ 32. Kf2 Bf6 33. Be3 Bxb2 34. Qd8+ Kg7 35. Bd3 Qc6 36. f5 exf5 37. Bxf5 Bf6 38. Qd1 Ne5 39. Bf4 Ng6 40. Qxg4 Bd4+ 41. Ke2 Qg2+ 42. Kd1 Qf1+ 43. Kd2 Qf2+ 44. Kd1 Be3 45. Be5+ Kf8 46. Bc3 Bd4 47. Be1 Qf1 48. Bxg6 fxg6 49. Qxg6 Qxc4 50. Bd2 Qa4+ 51. Kc1 Qc4+ 52. Kd1 Qf1+ 53. Kc2 Qf7 54. Bh6+ Bg7 55. Qd6+ Kg8 56. Bxg7 Kxg7 57. Qe5+ Kh7 58. Kb1 Qg6+ 59. Kc1 Qg7 60. Qe4+ Kh6 61. Qh4+ Kg6 62. Qe4+ Kf6 63. Qf4+ Ke6 64. Qe4+ Kd6 65. Qf4+ Qe5 66. Qf8+ Qe7 67. Qf4+ Kc6 68. Qf3+ Kb5 69. Qb3+ Ka6 70. Qa3+ Kb7 71. Qf3+ Kc7 72. Qf4+ Qd6 73. Qf7+ Kc8 74. Qg8+ Kb7 75. g4 Qf4+ 76. Kc2 c4 77. Qd5+ Kc7 78. g5 Qf2+ 79. Kc3 Qxa2 80. Qe5+ Kd8 81. Qd6+ Kc8 82. Qc6+ Kb8 83. Qe8+ Kb7 84. Qf7+ Kc6 85. Qe6+ Kc7 86. Qe7+ Kc6 87. Qe6+ Kc7 88. Qe7+ 1/2-1/2